Az élelmiszerek minőségének 1978. évi alakulása és az ellenőrzések tapasztalatai

Elmentve itt :
Bibliográfiai részletek
Szerző: Takó Éva
Dokumentumtípus: Cikk
Megjelent: Lapkiadó Vállalat Budapest 1979
Sorozat:Élelmiszervizsgálati közlemények 25 No. 1-2
Kulcsszavak:Élelmiszeripar - minőségellenőrzés, Élelmiszerellenőrzés - hatósági, Élelmiszerbiztonság
Tárgyszavak:
Online Access:http://acta.bibl.u-szeged.hu/80794
LEADER 00933nab a2200205 i 4500
001 acta80794
005 20230830085618.0
008 230830s1979 hu o 0|| hun d
040 |a SZTE Egyetemi Kiadványok Repozitórium  |b hun 
041 |a hun 
100 1 |a Takó Éva 
245 1 3 |a Az élelmiszerek minőségének 1978. évi alakulása és az ellenőrzések tapasztalatai  |h [elektronikus dokumentum] /  |c  Takó Éva 
260 |a Lapkiadó Vállalat  |b Budapest  |c 1979 
300 |a 1-6 
490 0 |a Élelmiszervizsgálati közlemények  |v 25 No. 1-2 
650 4 |a Műszaki és technológiai tudományok 
650 4 |a Egyéb műszaki tudományok és technológiák 
650 4 |a Élelmiszer és italfélék 
695 |a Élelmiszeripar - minőségellenőrzés, Élelmiszerellenőrzés - hatósági, Élelmiszerbiztonság 
856 4 0 |u http://acta.bibl.u-szeged.hu/80794/1/elelmiszervizsgalati_kozlemenyek_1979_01-02_001-006.pdf  |z Dokumentum-elérés